000
00251nam a2200097Ia 4500
008
170619s9999 xx 000 0 und d
100
_a
Pal- M
245
0
_a
C Progamming: Including Numerical Statistical Methods
260
_b
Narora Pub. House
260
_c
2013
546
_a
ENGLISH
999
_c
21229
_d
21229